PRACTICAL MANUAL ON POST HARVEST MANAGEMENT AND VALUE ADDITION OF FRUITS AND VEGETABLES : (As per 5th dean committee recommendation report of ICAR) B,SC. HONS (AGRICULTURE) Course ) (Record no. 9059)

MARC details
000 -LEADER
fixed length control field 00598nam a22001697a 4500
005 - DATE AND TIME OF LATEST TRANSACTION
control field 20260310153624.0
008 - FIXED-LENGTH DATA ELEMENTS--GENERAL INFORMATION
fixed length control field 260309b |||||||| |||| 00| 0 eng d
020 ## - INTERNATIONAL STANDARD BOOK NUMBER
ISBN 978-81-944137-4-5
041 ## - LANGUAGE CODE
Language code of text/sound track or separate title eng
082 ## - DEWEY DECIMAL CLASSIFICATION NUMBER
Classification number 634 ARY-P
100 ## - MAIN ENTRY--AUTHOR NAME
Personal name ARYA, ANKUR M. AND KUMAR, TARUN , CHANDRA, SURESH
245 ## - TITLE STATEMENT
Title PRACTICAL MANUAL ON POST HARVEST MANAGEMENT AND VALUE ADDITION OF FRUITS AND VEGETABLES : (As per 5th dean committee recommendation report of ICAR) B,SC. HONS (AGRICULTURE) Course )
260 ## - PUBLICATION, DISTRIBUTION, ETC. (IMPRINT)
Place of publication NEW DELHI
Name of publisher JAIN BROTHERS
300 ## - PHYSICAL DESCRIPTION
Number of Pages 51;P
650 ## - SUBJECT ADDED ENTRY--TOPICAL TERM
Topical Term AGRICULTURE
942 ## - ADDED ENTRY ELEMENTS (KOHA)
Koha item type Books
Holdings
Lost status Damaged status Collection code Home library Current library Shelving location Date acquired Source of acquisition Cost, normal purchase price Serial Enumeration / chronology Full call number Accession Number Koha item type
    AGRICULTURE JRU Library JRU Library NEW ARRIVAL SHELF 09/03/2026 PURCHASE 350.00 LBI/000880 , DATE-6/03/2026 634 29299 Books
    AGRICULTURE JRU Library JRU Library   09/03/2026 PURCHASE 350.00 LBI/000880 , DATE-6/03/2026 634 29300 Books
    AGRICULTURE JRU Library JRU Library   09/03/2026 PURCHASE 350.00 LBI/000880 , DATE-6/03/2026 634 29301 Books
    AGRICULTURE JRU Library JRU Library   09/03/2026 PURCHASE 350.00 LBI/000880 , DATE-6/03/2026 634 29302 Books
    AGRICULTURE JRU Library JRU Library   09/03/2026 PURCHASE 350.00 LBI/000880 , DATE-6/03/2026 634 29303 Books